[Event "Sparkassen Open A"]
[Site "Dortmund GER"]
[Date "2012.07.22"]
[Round "9.31"]
[White "Fenner, Martin"]
[Black "Schneidereit, Manfred"]
[Result "1-0"]
[WhiteElo "2003"]
[BlackElo "1820"]
[WhiteFideId "24603589"]
[BlackFideId "24622346"]
[EventDate "2012.07.14"]

1. e4 Nc6 2. d4 d5 3. e5 Bf5 4. f4 f6 5. c3 Qd7 6. Nf3 e6 7. Be3 Nh6 8. Nbd2 Be4
9. Nxe4 dxe4 10. Nd2 f5 11. Be2 Be7 12. O-O Nf7 13. b4 O-O 14. Qb3 g5 15. g4
gxf4 16. gxf5 Nfxe5 17. Rxf4 Bg5 18. fxe6 Qe7 19. Rxe4 Ng6 20. Rf1 Kg7 21. Nf3
Bxe3+ 22. Rxe3 Qd6 23. d5 Nce7 24. c4 b6 25. Qc3+ Kg8 26. Ne5 Rxf1+ 27. Bxf1 Rf8
28. Nf7 1-0

[Event "Sparkassen Open A"]
[Site "Dortmund GER"]
[Date "2012.07.22"]
[Round "9.32"]
[White "Schuelke, Tilman"]
[Black "Simanowski, Mio"]
[Result "0-1"]
[WhiteElo "2007"]
[BlackElo "1858"]
[WhiteFideId "4647475"]
[BlackFideId "24687154"]
[EventDate "2012.07.14"]

1. g3 d5 2. Bg2 Nf6 3. d3 Bf5 4. Bd2 e6 5. h3 c6 6. e4 dxe4 7. dxe4 Bg6 8. f4
Qb6 9. Qe2 Bc5 10. Nf3 Nh5 11. Ne5 Nxg3 12. Qg4 Bf2+ 13. Kd1 Bh5 14. Nc4 Qd8 15.
Rh2 Bg1 16. Qxh5 Nxh5 17. Rh1 Bc5 18. Rf1 Ng3 0-1

[Event "Sparkassen Open A"]
[Site "Dortmund GER"]
[Date "2012.07.22"]
[Round "9.33"]
[White "Wernert, Bruno"]
[Black "Bausch, Thomas"]
[Result "1/2-1/2"]
[WhiteElo "2040"]
[BlackElo "1947"]
[WhiteFideId "623288"]
[BlackFideId "24611115"]
[EventDate "2012.07.14"]

1. e4 Nf6 2. e5 Nd5 3. Nc3 Nxc3 4. bxc3 d6 5. f4 g6 6. d4 Bg7 7. Bd3 O-O 8. Nf3
Bg4 9. O-O Nd7 10. h3 Bxf3 11. Qxf3 c6 12. exd6 exd6 13. f5 c5 14. Bf4 Qc7 15.
Qg3 Qa5 16. Bxd6 Qxc3 17. Bxf8 Rxf8 18. Qd6 Qxd4+ 19. Qxd4 Bxd4+ 20. Kh2 Bxa1
21. Rxa1 Re8 22. Rd1 Nf6 23. g4 g5 24. Bb5 Re7 25. a4 Kg7 26. a5 Ne4 27. Rd5 b6
28. axb6 axb6 29. Bd3 Kf6 30. Rd8 Ke5 31. Rb8 Nf2 32. f6 Re6 33. Bf5 Rxf6 34.
Re8+ Kf4 35. Kg2 Rxf5 36. gxf5 Ne4 37. Rb8 Kxf5 1/2-1/2

[Event "Sparkassen Open A"]
[Site "Dortmund GER"]
[Date "2012.07.22"]
[Round "9.34"]
[White "Maniocha, Marek"]
[Black "Schwarz, Larissa"]
[Result "1-0"]
[WhiteElo "2035"]
[BlackElo "1870"]
[WhiteFideId "4636821"]
[BlackFideId "24699004"]
[EventDate "2012.07.14"]

1. d4 Nf6 2. c4 g6 3. Nc3 d5 4. e3 Bg7 5. Nf3 O-O 6. Be2 c5 7. dxc5 Qa5 8. O-O
dxc4 9. Bxc4 Qxc5 10. Bb3 Nc6 11. e4 Bg4 12. Be3 Qh5 13. h3 Bxf3 14. Qxf3 Qxf3
15. gxf3 Rfd8 16. Rfd1 b6 17. Kf1 Na5 18. Ke2 Nxb3 19. Rxd8+ Rxd8 20. axb3 Rd7
21. Nb5 Nh5 22. Rxa7 Rxa7 23. Nxa7 Bxb2 24. Nc8 Kf8 25. Nxb6 Ba3 26. Kd3 e6 27.
Kc4 Ke8 28. f4 Nf6 29. b4 Bb2 30. Na4 Ba1 31. f3 Nd7 32. b5 Kd8 33. Nc5 Nxc5 34.
Kxc5 Kc7 35. b6+ Kb7 36. Kd6 Bf6 37. Kd7 Bh4 38. Ke8 f6 39. Kf7 e5 40. fxe5 fxe5
41. Kg7 Bd8 42. Kxh7 Bxb6 43. Bxb6 Kxb6 44. Kxg6 Kc5 45. h4 1-0

[Event "Sparkassen Open A"]
[Site "Dortmund GER"]
[Date "2012.07.22"]
[Round "9.37"]
[White "Strohmann, Marcel"]
[Black "Huebben, Dominik"]
[Result "1-0"]
[WhiteElo "1801"]
[BlackElo "1836"]
[WhiteFideId "1270966"]
[BlackFideId "12914347"]
[EventDate "2012.07.14"]

1. e4 d6 2. d4 Nf6 3. Nc3 g6 4. Nf3 Bg7 5. Be2 O-O 6. O-O Bg4 7. Be3 Nc6 8. h3
Bxf3 9. Bxf3 e5 10. d5 Ne7 11. Be2 c6 12. f3 cxd5 13. Nxd5 Nexd5 14. exd5 Nh5
15. Qd2 f5 16. Rac1 Ng3 17. Rfe1 Nxe2+ 18. Rxe2 Qd7 19. c4 b6 20. b4 Rfd8 21.
Qd3 Rac8 22. Rec2 Bf8 23. Qb3 Qf7 24. a4 Rd7 25. Ra2 Rdc7 26. Rcc2 Kg7 27. a5
bxa5 28. Rxa5 Rb7 29. Rca2 Rcc7 30. Qc3 Kg8 31. Rd2 f4 32. Bf2 Qf5 33. c5 Qb1+
34. Kh2 Rxb4 35. c6 e4 36. fxe4 Rxe4 37. Qd3 Qxd3 38. Rxd3 Ree7 39. Rda3 Kf7 40.
Rxa7 Rxa7 41. Rxa7 Rxa7 42. Bxa7 Ke8 43. Bd4 Be7 44. Kg1 Bh4 45. Kf1 h5 46. Ke2
Kd8 47. Kf3 g5 48. Bf6+ Kc7 49. Ke4 1-0

[Event "Sparkassen Open A"]
[Site "Dortmund GER"]
[Date "2012.07.22"]
[Round "9.40"]
[White "Hassler, Rolf"]
[Black "Oberste, Norbert"]
[Result "1-0"]
[WhiteElo "1897"]
[BlackElo "1811"]
[WhiteFideId "4638255"]
[BlackFideId "24608432"]
[EventDate "2012.07.14"]

1. e4 e6 2. d4 d5 3. exd5 exd5 4. Bd3 Bd6 5. Nf3 Nf6 6. O-O O-O 7. Bg5 h6 8. Bh4
c5 9. dxc5 Bxc5 10. Nc3 Be6 11. Re1 g5 12. Bg3 Nh5 13. Na4 Be7 14. Nxg5 Bxg5 15.
Qxh5 Qd7 16. Nc5 Qe7 17. h4 Qxc5 18. hxg5 d4 19. Re5 Qe7 20. Qxh6 f6 21. Rxe6 1-0